000 00609nam a2200217 i 4500
001 62426
003 ES-MaACL
007 t|
008 031120s1982 sp ||||1| spa d
020 _a84-359-0293-5
100 1 _aFernández, Teodosio.
_949431
245 1 3 _aEl teatro chileno contemporáneo (1941-1973) /
_cTeodosio Fernández.
260 _a[Madrid :
_bPlayor,
_c1982]
300 _a213 p. ;
_c19 cm.
490 1 _aNova scholar
500 _aIndice.
504 _aBibliografía: p. 209-213.
830 0 _aNova scholar
_9181704
852 _aES-MaACL
_jL-8876
_bR.108791
999 _c62426
_d62426